00474nam a2200181Ia 450000500170000000800410001702000220005804100080008008200150008810000180010324500410012126000410016230000090020344000060021250000280021865000280024670000180027420251121160537.0230125s9999 xx 000 0 und d a978-81-8495-734-1 aeng a158.1bABD aAbdulrahman K a60 Minutes To Better Public Speaking c2016bJaico Publishing HouseaMumbai a138p v1 aPersonality Development aPersonality Development aAbdulrahman K